OR on the micro (Record no. 52757)

MARC details
000 -LEADER
fixed length control field 00470nam a2200133 a 4500
008 - FIXED-LENGTH DATA ELEMENTS--GENERAL INFORMATION
fixed length control field 120416s1984 ||||||||||||||||| || u
050 ## - LIBRARY OF CONGRESS CALL NUMBER
Classification number T 57.6 Whi
100 ## - MAIN ENTRY--PERSONAL NAME
Personal name Whitaker, David
245 10 - TITLE STATEMENT
Title OR on the micro
260 ## - PUBLICATION, DISTRIBUTION, ETC.
Place of publication, distribution, etc. New York
Name of publisher, distributor, etc. John Wiley and Sons
Date of publication, distribution, etc. [1984]
300 ## - PHYSICAL DESCRIPTION
Extent viii, 178p. : ill.
350 ## - PRICE (NR) (BK AM CF MU VM SE) [OBSOLETE]
Price 0.00
995 ## - RECOMMENDATION 995 [LOCAL, UNIMARC FRANCE]
-- 0.00
-- CBU-MAIN LIBRARY (Kitwe)
-- 1
-- 0.00
-- 1
-- AVAILABLE
-- Main Library Open Access Collection
Holdings
Withdrawn status Lost status Source of classification or shelving scheme Damaged status Not for loan Home library Current library Shelving location Date acquired Total Checkouts Full call number Barcode Date last seen Price effective from Koha item type
          CBU-MAIN LIBRARY, KITWE. CBU-MAIN LIBRARY, KITWE.   11/30/2022   T 57.6 Whi 014361 11/30/2022 11/30/2022 MONOGRAPH